Sustainability in behaviour of generation Y - research study of values and behaviour

Vnímanie aktuálneho nepriaznivého životného prostredia podľa prieskumu na vzorke študentov.

Saved in:
Bibliographic Details
Main Author: Vokounová, Dana, 1962-
Other Authors: Kopaničová, Janka, 1979-
Format: Book Chapter
Language:English
Subjects:
Tags: Add Tag
No Tags, Be the first to tag this record!

MARC

LEADER 00000naa a2200000 4500
001 0201769
005 20240502073411.6
041 0 |a eng 
044 |a SK 
245 1 0 |a Sustainability in behaviour of generation Y - research study of values and behaviour  |c Dana Vokounová, Janka Kopaničová 
520 |a Vnímanie aktuálneho nepriaznivého životného prostredia podľa prieskumu na vzorke študentov. 
610 2 0 |a rozvoj trvalo udržateľný 
610 2 0 |a zodpovednosť spoločenská 
610 2 0 |a spotrebitelia 
610 2 0 |a ochrana prostredia životného 
610 2 0 |a marketing environmentálny 
100 1 |a Vokounová, Dana, 1962- 
700 1 |a Kopaničová, Janka, 1979-